1762 1440 1752 1140 1935 1700 1269 1068 1190 1091 1505 1662 1264 1388 1113 1095 1747 1472 1363 1151 1963 1033 1751 1890 1663 1962 1678 1004 1411 1122 1728 1399 1754 1974 1483 1414 1976 1677 1549 1667 1548 1380 1251 1167 1777 1188 1508 1980 1459 1378 1077 1388 1239 1779 1633 1000 1073 1406 1765 1988 1864 1046 1764 1634 1979 1165 1804 1108 1618 1833 1331 1431 1214 1729 1411 1521 1893 1647 1593 1879 1292 1626 1597 1139 1620 1466 1806 1355 1734 1999 1801 1419 1087 1350 1346 1250 1273 1734 1611 BCNSPRNW ULIB Ver.6.0+V

เปลี่ยนเป็นภาษาไทย

Change to English
 แสดงรายละเอียดบรรณานุกรม
  กลับหน้าหลัก

Brief Record : Get Marc (ISO 2709) : E-mail record : QR code < ปิดหน้าต่าง
LEADER : 00000nam 2200000uu 4500
001    13399120940
003     ULIB
008    121026s2551||||th 000 0 tha d
020    ^a9789744140630
040    ^acl
041 1  ^atha^heng
050  4 ^aHD38.2^bพ993ท
100 1  ^aเบรด, ลอยด์
245 10 ^aทักษะการเป็นผู้นำ =^bLeading people /^cโดย Lloyd Baird ;แปลและเรียบเรียงโดย ไพโรจน์ บาลัน
246 31 ^aLeading people
250    ^aพิมพ์ครั้งที่ 1
260    ^aกรุงเทพฯ :^bเอ็กซเปอร์เน็ท,^c2551
300    ^a132 หน้า ;^c21 ซม.
440  0 ^aPocket mentor
500    ^a"คู่มือพัฒนาทักษะผู้นำจากมหาวิทยาลัยฮาร์วาร์ด"
650  4 ^aผู้นำ
700 0  ^aไพโรจน์ บาลัน,^eผู้แปล
700 12 ^aBaird, Lloyd.^tLeading people
945    ^p140^l0^i15269
995    ^aทศพร
999    ^aทศพร เกษรทอง
รายการนี้ยังไม่มีแท็ก
คุณยังไม่ได้ล็อกอิน คุณสามารถมีกิจกรรมร่วมกับเว็บไซต์ได้ แต่ต้องล็อกอินก่อน ::
  ล็อกอิน

รายการสื่อสารสนเทศ

ลำดับที่ ประเภท เลขเรียก/บาร์โค้ด สถานที่ สถานะ
1. วิทยาศาสตร์การแพทย์ และสุขภาพ
วิทยาศาสตร์การแพทย์ และสุขภาพ
HD38.2 พ993ท ฉ.1 
  Barcode: 15269
ห้องสมุดวิทยาเขตสวรรค์ประชารักษ์
►หนังสือทั่วไป
บนชั้น

รายการใกล้เคียง
    ผู้แต่ง [เบรด, ลอยด์]

    หัวเรื่อง [ผู้นำ]

BibComment


ยังไม่เคยถูกคอมเมนท์

คอมเมนท์ทรัพยากรรายการนี้
  คอมเมนท์: ทักษะการเป็นผู้น..


 Copyright 2026. Bcnsprnw @Library